000 00722cam a2200265 4500
008 090401t1999 xxu||||| |||| 00| 0 eng d
020 _a1870325125
035 _a(Sirsi) u91307
041 _aeng
050 _a526.9820285
100 _aGraham, Ron
245 0 _aDigital imaging.
260 _aCaithness
_bWhittles Publishing
_c1999
300 _axi,212p. : ill. ; 24cm.
350 _a35
520 _aDue to be published March 1999.
520 _aSuperceded by 2nd ed (ISBN 1870325125)
650 _aDIGITAL IMAGING
650 _aIMAGE PROCESSING
650 _aPHOTOMETRY
650 _aSCANNING
690 _aMANAGEMENT-BUSINESS MANAGEMENT-INFORMATION MANAGEMENT
942 _n0
948 _c12/02/1999
999 _c97629
_d97629